Ipari zsebkönyv 1982

Salvato in:
Dettagli Bibliografici
Natura: Libro
Lingua:ungherese
inglese
russo
Pubblicazione: Budapest Központi statisztikai hivatal 1983
Tags: Aggiungi Tag
Nessun Tag, puoi essere il primo ad aggiungerne!!

MARC

LEADER 00000nam a2200000 4500
001 c136271
005 20041019155306.7
041 0 |a hun 
041 0 |a eng 
041 0 |a rus 
044 |a HU 
245 1 0 |a Ipari zsebkönyv 1982 
264 1 |a Budapest  |b Központi statisztikai hivatal  |c 1983 
300 |a 174 s.